000 00636nam a2200241 i 4500
001 C2-0312364
003 PPAK
005 20180728104103.0
008 111002s2008 wau |||| ||||| | eng d
020 _a0979777747 ; 9780979777745
040 _aPPAK
_beng
_cPPAK
_erda
082 0 4 _a612.82
_223
090 0 0 _a612.82
_bMED
_dG
100 1 _aMedina, John,
_eauthor
245 1 0 _aBrain rules
264 1 _aWashington :
_bPear Press ,
_c2008
300 _a299 pages ;
_c23 cm
336 _2rdacontent
_atext
337 _2rdamedia
_aunmediated
338 _2rdacarrier
_avolume
650 1 0 _aBrain - Popular works
942 _ddc
_cB
999 _c114362
_d114362